| 000 | 00563nam a22001937a 4500 | ||
|---|---|---|---|
| 999 |
_c170374 _d170374 |
||
| 005 | 20191213150017.0 | ||
| 010 | _aA-574882 | ||
| 020 |
_c50.00 _a- |
||
| 035 | _aA-574882 | ||
| 037 | _bBPPD | ||
| 082 | _a080 | ||
| 100 | _aمبا ر ک کا پڑ ی | ||
| 245 |
_aصبح _cمبا ر ک کا پڑ ی |
||
| 246 |
_aSubha (Urdu) _bby Mubarak Kapdi |
||
| 260 |
_aDelhi _c1993 ء _bModern Publishing House |
||
| 270 |
_aPost Box No.26054 Nirubi Kinia _bDelhi _k- _e110002 |
||
| 300 |
_a128 ص _c22 cm(hb) |
||
| 942 |
_2ddc _cUR _h080 _mم ب ا |
||